Random Filipino to English Words #13 - Statistics

General Stats
  • This quiz has been taken 12 times
  • The average score is 8 of 15
Answer Stats
Hint Answer % Correct
Crazy Baliw
100%
Night Gabi
100%
Listen Makinig
88%
Rain Ulan
88%
God Diyos
75%
Off Patay
75%
Care Alaga
63%
Stop Huminto
50%
Scene Eksena
38%
Wall Pader
38%
Follow Sumunod
38%
Pretty Maganda si Geni
13%
Glow Kislap
0%
Bored Nababagot
0%
Drive Saklaw
0%
No matching quizzes found
Score Distribution
Percent of People with Each Score
Percentile by Number Answered
Your Score History
You have not taken this quiz